00621nam a2200169Ia 4500008004000000020001800040082001600058100001800074245005100092260004400143300000800187650001700195690002000212906001100232999001900243952018900262210210b2005 xxu||||| |||| 00| 0 eng d a81 7729 100 9 a020.02 BAJU aBAJPAI (S K). aUGC-NET/SLET: Library and information science. aGurgaonbCosmos Bookhive (P) Ltd.c2005 a477 aUGC NET SLET aLibrary Science a060197 c107173d107173 001040708Library ScienceaALbALcLibrary Scienced2021-02-17eHigginbothams (P) Ltd., Mangalore 01.g350.00l1o020.02 BAJUp060197r2024-01-16 00:00:00s2024-01-08w2021-02-17yBK